Daily Capital City Riddle #139 - Statistics

General Stats
  • This quiz has been taken 36 times
  • The average score is 30 of 34
Answer Stats
Type Answer % Correct
Found Letter A
100%
Found Letter I
100%
Alphabet Letter L
100%
Found Letter N
100%
Found Letter O
100%
Alphabet Letter S
100%
Correctly Placed Letter A
97%
Alphabet Letter D
97%
Alphabet Letter E
97%
Alphabet Letter M
97%
Found Letter R
97%
Alphabet Letter T
97%
Found Letter B
93%
Alphabet Letter G
90%
Correctly Placed Letter O
90%
Alphabet Letter U
90%
Alphabet Letter C
87%
Alphabet Letter H
87%
Alphabet Letter K
87%
Alphabet Letter P
87%
Alphabet Letter W
87%
Alphabet Letter Y
87%
Alphabet Letter J
83%
Alphabet Letter V
80%
Alphabet Letter F
77%
Correctly Placed Letter I
77%
Correctly Placed Letter I
77%
Correctly Placed Letter N
77%
Correctly Placed Letter R
77%
Correctly Placed Letter B
73%
Mystery Capital Nairobi
73%
Alphabet Letter Q
73%
Alphabet Letter X
73%
Alphabet Letter Z
73%
No matching quizzes found
Score Distribution
Percent of People with Each Score
Percentile by Number Answered
Your Score History
You have not taken this quiz